00999nam a2200205 a 450000100100000000500170001000800410002704000250006808200150009310000420010824501150015026000510026530000280031650000590034450400730040304900090047695201720048595201190065799900170077600002255420200930021654.0101013s1964 sp a 001 0 spa d aDO-SdBNPbspacBNPHU axxxxbI37f1 aInchaustegui Cabral, J. Marino94642310aFrancisco de Bobadilla :btres homónimos, y un enigma colombino descifrado /cJ. Marino Inchaustegui Cabral. aMadrid, :bEdiciones Cultura Hispanica,c1964. a684 p. :bil. ;c21 cm. aIncluye índice geográfico e índice onomástico. aIncluye referencias bibliográficas y notas al pie de las páginas aBNPD 001050718MOaPDbPDcHDd2010-10-13iLF1l0oxxxx I37fp22554-10r2020-06-25w2020-06-25y1zPerteneció a la biblioteca personal de Martínez Boog.ZNo se presta 001150718MOaPDbPDcMId2011-08-01iLF1l0oxxxx I37fp22554-20r2020-06-25te. 2w2020-06-25y1ZNo se presta c22051d22051